NBA Most Points, No All-Stars - Statistics

General Stats
  • This quiz has been taken 14 times
  • The average score is 8 of 20
Answer Stats
Points Retired Teams Player % Correct
16,371 Active POR-NOP-WAS-ATL CJ McCollum
92%
19,202 1999 KCK/SAC-PHO-SEA-CHH-IND-HOU Eddie Johnson
67%
14,454 Active SEA/OKC-BOS-MEM-LAC-ORL-CLE-WAS-UTA-HOU-BRK-DEN-HOU Jeff Green
67%
14,379 Active GSW-DAL-SAC-SAS Harrison Barnes
58%
16,006 1999 DAL-NYK-DAL-ORL-LAL Derek Harper
50%
15,593 2022 PHI-ATL-TOR-LAL-HOU-LAC-ATL Lou Williams
50%
14,904 2018 NJN-MIL-SAS-GSW-UTA-DAL-CLE-DEN Richard Jefferson
50%
17,642 2023 MEM-TOR-SAC-SAS-UTA Rudy Gay
50%
16,278 2016 CLE-LAC-DEN-PHI-POR-DEN-WAS-SAC-MIN-SAS Andre Miller
42%
19,419 2020 CHI-NYK-GSW-ATL-POR-LAC-MIN-PHO-BRK Jamal Crawford
42%
18,881 2018 ATL-DAL-BOS-BRK-HOU-MIL Jason Terry
42%
14,698 2012 VAN-SAC-ATL-WAS-MIA-NYK Mike Bibby
42%
14,644 2015 GSW-CHA-PHO-ORL-PHI Jason Richardson
33%
14,858 2017 GSW-MIL-DAL-IND Monta Ellis
33%
14,463 2005 NYK-SAS-POR-WSB/WAS-POR-MIA-MIN-ORL-TOR-HOU Rod Strickland
25%
15,324 2001 DAL-LAL-SEA-IND Sam Perkins
25%
16,101 Active MIL-ORL-DET-LAC-PHI-DET Tobias Harris
25%
15,097 1997 LAL-IND-VAN-LAL Byron Scott
8%
14,862 1996 LAL-IND-CLE-PHO-DET-LAC-LAL-POR-CHI James Edwards
8%
14,607 1990 GSW-HOU-NJN Purvis Short
0%
No matching quizzes found
Score Distribution
Percent of People with Each Score
Percentile by Number Answered
Your Score History
You have not taken this quiz